| 000 | 01016cam a22003255i 4500 | ||
|---|---|---|---|
| 001 | 016256942 | ||
| 003 | EG-ScBUE | ||
| 005 | 20230117122848.0 | ||
| 008 | 130107t2013 ohua f 001 0 eng d | ||
| 020 | _a9781440321429 (pbk.) | ||
| 020 | _a1440321426 | ||
| 040 |
_aStDuBDS _beng _erda _cStDuBDS _dEG-ScBUE |
||
| 082 | 0 | 4 |
_a751.426 _bPAD _222 |
| 100 | 1 |
_aPadgett, Roxanne, _eauthor. _938695 |
|
| 245 | 1 | 0 |
_aAcrylic techniques in mixed media : _blayer, scribble, stencil, stamp / _cRoxanne Padgett. |
| 250 | _3First edition. | ||
| 264 | 1 |
_aOhio : _bNorth Light Books, _c[2013] |
|
| 264 | 4 | _cc2013 | |
| 300 |
_a128 pages : _bcolor illustrations ; _c28 cm |
||
| 336 |
_2rdacontent _atext _btxt |
||
| 337 |
_2rdamedia _aunmediated _bn |
||
| 338 |
_2rdacarrier _avolume _bnc |
||
| 500 | _aIncludes index. | ||
| 500 | _aIncludes appendix. | ||
| 650 | 7 |
_aAcrylic painting _xTechnique. _2BUEsh _937852 |
|
| 651 | _2BUEsh | ||
| 653 |
_bCOMAME _cJune2015 _cNovember2015 |
||
| 655 | _vReading book | ||
| 942 |
_2ddc _cBB |
||
| 999 |
_c19990 _d19962 |
||